[Event "European Blitz 2022"]
[Site "Katowice POL"]
[Date "2022.12.16"]
[Round "10.59"]
[White "Orzech, Dominik"]
[Black "Grzesik, Gracjan"]
[Result "0-1"]
[WhiteTitle "IM"]
[WhiteElo "2313"]
[BlackElo "2148"]
[WhiteFideId "1115065"]
[BlackFideId "1194593"]
[EventDate "2022.12.16"]

1. d4 Nf6 2. Nf3 e6 3. c4 c5 4. g3 cxd4 5. Nxd4 d5 6. Bg2 e5 7. Nb3 d4 8. O-O
Nc6 9. e3 Bg4 10. f3 Be6 11. exd4 exd4 12. Re1 Bb4 13. N1d2 O-O 14. a3 Be7 15.
f4 a5 16. a4 Bb4 17. h3 Qb6 18. Qf3 Bf5 19. g4 Bc2 20. Kh2 Rfe8 21. Rxe8+ Rxe8
22. g5 Ne4 23. h4 f5 24. gxf6 Nxf6 25. c5 Qc7 26. Nc4 Re1 27. Nd6 Ne4 28. Nxe4
Bxe4 29. Qh3 d3 30. Bxe4 Rxe4 31. Qxd3 Qe7 32. Qd5+ Kh8 33. Kg3 Be1+ 34. Kf3 Re2
35. Qd3 Rf2+ 36. Kg4 Rg2+ 37. Kh3 Rg3+ 38. Qxg3 Bxg3 39. Kxg3 Qe1+ 40. Kg2 Qe2+
41. Kg1 Qd1+ 42. Kf2 Qxb3 0-1

[Event "European Blitz 2022"]
[Site "Katowice POL"]
[Date "2022.12.16"]
[Round "10.60"]
[White "Sidletskyi, Ivan"]
[Black "Walter, Szymon"]
[Result "0-1"]
[BlackTitle "FM"]
[WhiteElo "2152"]
[BlackElo "2327"]
[WhiteFideId "14156024"]
[BlackFideId "1172590"]
[EventDate "2022.12.16"]

1. e4 c5 2. Nf3 e6 3. d4 cxd4 4. Nxd4 a6 5. Bd3 Nc6 6. Nxc6 bxc6 7. O-O d5 8.
Qe2 Nf6 9. c4 Be7 10. e5 Nd7 11. Bf4 g5 12. Bg3 h5 13. h3 Rb8 14. Nc3 Nc5 15.
Rad1 Qa5 16. Bb1 Qb4 17. Rd2 a5 18. f4 Ba6 19. Rc1 gxf4 20. Bxf4 Bxc4 21. Qe1
Bxa2 22. Nxa2 Qxf4 23. Rf2 Qd4 24. Qxa5 Rxb2 25. Rf1 Nb7 26. Qa8+ Nd8 27. Nc1
Rxf2 28. Rxf2 Qd1+ 29. Rf1 Bc5+ 0-1

[Event "European Blitz 2022"]
[Site "Katowice POL"]
[Date "2022.12.16"]
[Round "10.61"]
[White "Ternault, Mathieu"]
[Black "Radecki, Adam"]
[Result "0-1"]
[WhiteTitle "FM"]
[WhiteElo "2351"]
[BlackElo "2012"]
[WhiteFideId "20641532"]
[BlackFideId "1197347"]
[EventDate "2022.12.16"]

1. d4 Nf6 2. Nf3 c5 3. d5 e6 4. Bg5 d6 5. Bxf6 Qxf6 6. Nc3 e5 7. e4 a6 8. a4 Be7
9. Nd2 O-O 10. Nc4 Nd7 11. a5 Qg6 12. g3 f5 13. exf5 Qxf5 14. Qe2 Nf6 15. Bg2
Bd7 16. Nb6 Rad8 17. Nxd7 Qxd7 18. O-O Rde8 19. Ra4 Bd8 20. b3 Qf5 21. Ne4 Nxe4
22. Bxe4 Qf6 23. Qg4 g6 24. f3 Re7 25. Kg2 Ref7 26. Qe6 Kg7 27. Rb1 Re7 28.
Qxf6+ Kxf6 29. b4 cxb4 30. Raxb4 Rff7 31. Ra4 Rc7 32. Kf2 Rc5 33. Rab4 Bxa5 34.
Rxb7 Rcc7 35. Rb8 Bc3 36. Ra8 a5 37. Ra6 Rfd7 38. Ke2 Ke7 39. Rb8 Rb7 40. Rh8
Kf6 41. h4 Bb4 42. Raa8 Ra7 43. Rhf8+ Kg7 44. Rg8+ Kf6 45. Rae8 Re7 46. Ref8+
Rf7 47. Re8 Rfe7 48. Rxe7 Rxe7 49. Ra8 Rc7 50. g4 Bc3 51. g5+ Kg7 52. Ra6 Bb4
53. Ra8 Bc3 54. Ra6 Bb4 55. Ra8 Bc3 56. Kd3 Bb4 57. c4 Rf7 58. Ra6 Rc7 59. Ra8
Rf7 60. Kc2 Rc7 61. Kb3 Kf7 62. Ka4 Rxc4 63. Ra7+ Kg8 64. Ra8+ Kg7 65. Ra7+ Kg8
66. h5 Bc5+ 67. Kb3 Rb4+ 0-1

[Event "European Blitz 2022"]
[Site "Katowice POL"]
[Date "2022.12.16"]
[Round "10.62"]
[White "Kucharska, Honorata"]
[Black "Gvetadze, Sofio"]
[Result "0-1"]
[WhiteTitle "WFM"]
[BlackTitle "IM"]
[WhiteElo "2180"]
[BlackElo "2298"]
[WhiteFideId "1163868"]
[BlackFideId "13601440"]
[EventDate "2022.12.16"]

1. e4 c5 2. Nf3 g6 3. d4 cxd4 4. Nxd4 Bg7 5. c4 Nc6 6. Be3 Nf6 7. Nc3 O-O 8. Be2
d6 9. O-O Bd7 10. h3 Qa5 11. Rc1 Rfc8 12. b3 Qd8 13. Qd2 Nxd4 14. Bxd4 Bc6 15.
Bf3 a6 16. Rfd1 b5 17. cxb5 axb5 18. Qe3 b4 19. Nd5 Bxd5 20. exd5 Rxc1 21. Rxc1
Rxa2 22. Qd3 Qa8 23. Qb5 h5 24. Re1 Bf8 25. Bxf6 exf6 26. Re8 Qa7 27. Re2 Rxe2
28. Qxe2 Qd4 29. g3 Kg7 30. Kg2 Qc3 31. Qd1 f5 32. h4 Be7 33. Be2 Bf6 34. Bc4 f4
35. Qf3 fxg3 36. fxg3 Be5 37. Bb5 Qd2+ 38. Kh3 Bd4 39. Qe2 Qc1 40. Qf3 Be5 41.
Be8 f5 42. Bb5 Qg1 43. Qg2 Qd4 44. Bc4 Qg4+ 45. Kh2 Qxh4+ 46. Qh3 Bxg3+ 47. Kg2
Qxh3+ 48. Kxh3 Be5 49. Bd3 Kf6 50. Bc4 g5 51. Bd3 g4+ 52. Kg2 Kg5 53. Bc4 h4 54.
Kf2 f4 55. Kg2 f3+ 0-1

[Event "European Blitz 2022"]
[Site "Katowice POL"]
[Date "2022.12.16"]
[Round "10.63"]
[White "Sowinski, Pawel"]
[Black "Muter, Donny"]
[Result "1-0"]
[WhiteElo "2064"]
[BlackElo "2206"]
[WhiteFideId "21881979"]
[BlackFideId "409170"]
[EventDate "2022.12.16"]

1. e4 d6 2. d4 Nf6 3. Nc3 c6 4. f4 Qa5 5. Bd3 e5 6. fxe5 dxe5 7. dxe5 Ng4 8. Nf3
Nd7 9. e6 fxe6 10. h3 Nge5 11. Be3 Bd6 12. Nxe5 Nxe5 13. O-O Bd7 14. Be2 Qc7 15.
Qe1 O-O-O 16. Rd1 Kb8 17. a3 Ng6 18. Rf3 Be5 19. Qf1 Rdf8 20. Bc5 Rxf3 21. Bxf3
b6 22. Be3 Rf8 23. Qe1 Nf4 24. Bxf4 Bxf4 25. e5 Bc8 26. Qe4 Bxe5 27. Nb5 Rf4 28.
Nxc7 Rxe4 29. Bxe4 Kxc7 30. c3 h6 31. Kf2 Ba6 32. Ke3 Bf6 33. g3 Bc8 34. h4 e5
35. Rf1 Be6 36. Bf5 Bd5 37. Rf2 Bc4 38. Bd3 Be6 39. Bf5 Bd5 40. Kd3 b5 41. Ke3
a5 42. b4 a4 43. Be4 Bc4 44. Rh2 Be6 45. Rh1 Bg4 46. Rf1 Be6 47. Kf3 Bc4 48. Re1
Be6 49. Kg2 Kb6 50. Rd1 Kc7 51. Rh1 Bg4 52. Bf3 Bf5 53. g4 Bh7 54. g5 Be7 55.
Re1 Bd6 56. Be4 Bg8 57. Kg3 Kd7 58. gxh6 gxh6 59. Kg4 Bd5 60. Kh5 Ke6 61. Kxh6
Bxe4 62. Rxe4 Kf5 63. Re1 e4 64. h5 Be5 65. Rf1+ Kg4 66. Kg6 e3 67. h6 e2 68.
Rh1 Bxc3 69. h7 Kf3 70. Rh3+ Kf2 71. Rxc3 e1=Q 72. h8=Q Qe6+ 73. Qf6+ 1-0

[Event "European Blitz 2022"]
[Site "Katowice POL"]
[Date "2022.12.16"]
[Round "10.64"]
[White "Grochol, Kamil"]
[Black "Wisniewski, Michal"]
[Result "1/2-1/2"]
[BlackTitle "FM"]
[WhiteElo "2030"]
[BlackElo "2168"]
[WhiteFideId "21819629"]
[BlackFideId "1159682"]
[EventDate "2022.12.16"]

1. d4 Nf6 2. Bf4 c5 3. c3 cxd4 4. cxd4 d6 5. Nc3 a6 6. e4 g6 7. Be2 Bg7 8. e5
dxe5 9. dxe5 Qxd1+ 10. Rxd1 Nfd7 11. Nd5 O-O 12. Nxe7+ Kh8 13. Nf3 Re8 14. Nd5
Ra7 15. O-O b5 16. Rc1 Bb7 17. Be3 Bxd5 18. Bxa7 Nc6 19. Rfd1 Bxf3 20. Bxf3
Ncxe5 21. Bc6 Nxc6 22. Rxc6 Bxb2 23. g3 Ne5 24. Rxa6 Nc4 25. Bd4+ Bxd4 26. Rxd4
Re5 27. Rd8+ Kg7 28. Rb8 Rf5 29. Ra7 Ne5 30. Rab7 Nd3 31. Rxb5 Rxf2 32. a4 Ra2
33. a5 Ne1 34. Kf1 Nf3 35. Ra8 Rd2 36. a6 Nxh2+ 37. Ke1 Nf3+ 38. Kf1 Nh2+ 39.
Ke1 Nf3+ 1/2-1/2

[Event "European Blitz 2022"]
[Site "Katowice POL"]
[Date "2022.12.16"]
[Round "10.65"]
[White "Grabarczyk, Miroslaw"]
[Black "Piotrowski, Daniel"]
[Result "0-1"]
[WhiteTitle "GM"]
[WhiteElo "2337"]
[BlackElo "1763"]
[WhiteFideId "1101684"]
[BlackFideId "21815780"]
[EventDate "2022.12.16"]

1. d4 d5 2. c4 e6 3. Nf3 Nf6 4. g3 dxc4 5. Qa4+ Nbd7 6. Qxc4 c5 7. Bg2 Qb6 8.
O-O Be7 9. dxc5 Qxc5 10. Na3 O-O 11. Be3 Qxc4 12. Nxc4 Nd5 13. Bd2 Bf6 14. Rac1
N7b6 15. Nce5 Nd7 16. Nd3 e5 17. e4 Ne7 18. Bb4 Re8 19. Bxe7 Bxe7 20. Ndxe5 Nxe5
21. Nxe5 Bf6 22. Nd3 Bd7 23. e5 Be7 24. Bxb7 Rab8 25. Bc6 Bxc6 26. Rxc6 Red8 27.
Rd1 Rd5 28. Rc2 Rbd8 29. Rcd2 Bb4 30. Rc2 Rxd3 31. Rxd3 Rxd3 32. Rc8+ Bf8 33.
Ra8 Rd2 34. Rxa7 Rxb2 35. Ra8 g6 36. Kf1 Kg7 37. f4 Rxh2 38. a4 Bc5 39. Rc8 Bd4
40. Rc4 Bb6 41. Rc6 Bd8 42. Rd6 Be7 43. Rc6 Ra2 44. Ra6 Bc5 45. e6 fxe6 46. Rxe6
Rxa4 47. Kg2 Ra3 48. Rc6 Be7 49. Rc7 Kf6 50. Rb7 h5 51. Rb6+ Kf7 52. Rb5 Bd6 53.
Rb6 Ke6 54. Rc6 Kd5 55. Rb6 Ke6 56. Rc6 Ra2+ 57. Kf3 Ra3+ 58. Kg2 Ke7 59. Rb6
Rd3 60. Rb5 Kf7 61. Kf2 Be7 62. Kg2 h4 63. gxh4 Bxh4 64. Rc5 Kf6 65. Rb5 Rd2+
66. Kf3 Rd6 67. Ra5 Be1 68. Rb5 Bd2 69. Rc5 Kg7 70. Ke4 Kf6 71. Rb5 Re6+ 72. Kf3
Rd6 73. Ke4 Ra6 74. Rc5 Ra4+ 75. Kf3 Rxf4+ 76. Ke2 Bb4 77. Rb5 0-1

[Event "European Blitz 2022"]
[Site "Katowice POL"]
[Date "2022.12.16"]
[Round "10.66"]
[White "Starosta, Martyna"]
[Black "Martinez Pla, Xavier"]
[Result "0-1"]
[WhiteTitle "WCM"]
[BlackTitle "FM"]
[WhiteElo "1991"]
[BlackElo "2277"]
[WhiteFideId "21818754"]
[BlackFideId "32074271"]
[EventDate "2022.12.16"]

1. e4 c5 2. Nf3 e6 3. d4 cxd4 4. Nxd4 Nc6 5. Nc3 Qc7 6. g3 a6 7. Bg2 Nf6 8. O-O
d6 9. Nxc6 bxc6 10. Re1 Nd7 11. Bf4 Be7 12. e5 d5 13. Be3 O-O 14. f4 Rb8 15. Rb1
c5 16. Bf2 Bb7 17. f5 Nxe5 18. Kh1 d4 19. fxe6 dxc3 20. exf7+ Rxf7 21. Bd5 Kh8
22. bxc3 Rxf2 23. Bxb7 Rxb7 24. Kg1 Rf5 25. Rxb7 Qxb7 26. Qe2 Nf3+ 0-1

[Event "European Blitz 2022"]
[Site "Katowice POL"]
[Date "2022.12.16"]
[Round "10.67"]
[White "Dragnev, Valentin"]
[Black "Reza, Wojciech"]
[Result "1-0"]
[WhiteTitle "GM"]
[BlackTitle "FM"]
[WhiteElo "2556"]
[BlackElo "2290"]
[WhiteFideId "1634852"]
[BlackFideId "1151967"]
[EventDate "2022.12.16"]

1. e4 e5 2. Nf3 Nc6 3. Bb5 a6 4. Ba4 Nf6 5. O-O Be7 6. Re1 b5 7. Bb3 d6 8. c3
O-O 9. h3 Na5 10. Bc2 c5 11. d4 Nd7 12. a4 Rb8 13. axb5 axb5 14. b3 exd4 15.
cxd4 Nc6 16. Nc3 Bf6 17. Be3 Nb4 18. Bb1 Re8 19. Qd2 g6 20. Ne2 Bg7 21. Ng3 Bb7
22. Bf4 Nc6 23. Be3 Qb6 24. Rd1 Rbd8 25. Bg5 Nxd4 26. Nxd4 Bxd4 27. Bxd8 Qxd8
28. Ra7 Bc6 29. Ne2 Be5 30. f4 Qb6 31. Rxd7 Bxd7 32. fxe5 1-0

[Event "European Blitz 2022"]
[Site "Katowice POL"]
[Date "2022.12.16"]
[Round "10.68"]
[White "Kosteniuk, Alexandra"]
[Black "Buchicchio, Giampaolo"]
[Result "1-0"]
[WhiteTitle "GM"]
[BlackTitle "FM"]
[WhiteElo "2520"]
[BlackElo "2259"]
[WhiteFideId "4128125"]
[BlackFideId "811491"]
[EventDate "2022.12.16"]

1. e4 c5 2. c3 Nf6 3. e5 Nd5 4. Nf3 Nc6 5. Bc4 Nb6 6. Bb3 d5 7. exd6 e6 8. O-O
Bxd6 9. d4 cxd4 10. cxd4 Nd5 11. Nc3 Nxc3 12. bxc3 O-O 13. Re1 b6 14. Bc2 g6 15.
Bh6 Re8 16. h4 Ne7 17. Bg5 Qc7 18. Ba4 Bd7 19. Bxd7 Qxd7 20. Nd2 Rac8 21. c4 Nf5
22. g4 Nxd4 23. Ne4 Be7 24. Bxe7 Qxe7 25. Qxd4 e5 26. Qd6 Rxc4 27. Nf6+ Kh8 28.
Nxe8 Rxg4+ 29. Kf1 Qxe8 30. Qxe5+ 1-0

[Event "European Blitz 2022"]
[Site "Katowice POL"]
[Date "2022.12.16"]
[Round "10.69"]
[White "Peyrer, Konstantin"]
[Black "Marczuk, Dominik"]
[Result "0-1"]
[WhiteTitle "FM"]
[BlackTitle "FM"]
[WhiteElo "2380"]
[BlackElo "2253"]
[WhiteFideId "1640879"]
[BlackFideId "1111264"]
[EventDate "2022.12.16"]

1. e4 c5 2. Nf3 Nc6 3. Bb5 g6 4. O-O Bg7 5. c3 Nf6 6. Re1 O-O 7. e5 Nd5 8. Bc4
Nc7 9. Na3 d5 10. exd6 exd6 11. h3 d5 12. Bf1 d4 13. Nc4 b5 14. Nce5 Nxe5 15.
Nxe5 Qd6 16. Nf3 Bb7 17. d3 Rfe8 18. Rxe8+ Rxe8 19. Bd2 a6 20. Rc1 Nd5 21. cxd4
cxd4 22. g3 Nb6 23. Bg2 Na4 24. Rc2 Rc8 25. Bf4 Qd7 26. Re2 Re8 27. Kh2 h6 28.
Rc2 Rc8 29. Rxc8+ Qxc8 30. Qe2 Bd5 31. Ne5 Qa8 32. Nf3 Qc6 33. a3 Qe6 34. Qd2 g5
35. Bxg5 hxg5 36. Nxg5 Qc6 37. Bxd5 Qxd5 38. Ne4 Nc5 39. Nxc5 Qxc5 40. h4 Qe5
41. Kg2 Kh7 42. Qc2 Qd5+ 43. Kg1 Be5 44. Qc8 Qe6 45. Qa8 Bg7 46. Kg2 Bh6 47. Qf3
Bc1 48. b3 Bxa3 49. g4 Be7 50. g5 Kg7 51. Qf4 Qd5+ 52. f3 a5 53. Qc7 Qc5 54.
Qxa5 Qc2+ 55. Kg3 Qxd3 56. Qc7 Qe3 57. Qb6 Qe5+ 58. f4 Qe3+ 59. Kg2 Qe2+ 60. Kg3
d3 61. Qd4+ Kg8 62. Qd5 d2 63. g6 Qe3+ 64. Kg2 Qe2+ 65. Kg3 Qe6 66. gxf7+ 0-1

[Event "European Blitz 2022"]
[Site "Katowice POL"]
[Date "2022.12.16"]
[Round "10.70"]
[White "Piotrowski, Przemyslaw"]
[Black "Horvath, Dominik"]
[Result "1/2-1/2"]
[WhiteTitle "FM"]
[BlackTitle "IM"]
[WhiteElo "2247"]
[BlackElo "2502"]
[WhiteFideId "1127063"]
[BlackFideId "1642561"]
[EventDate "2022.12.16"]

1. d4 Nf6 2. Nf3 d5 3. g3 Bg4 4. Bg2 Nbd7 5. O-O h6 6. c4 e6 7. Nc3 c6 8. b3 Be7
9. Bb2 O-O 10. h3 Bf5 11. Ne5 Nxe5 12. dxe5 Ne4 13. Nxe4 dxe4 14. Qc1 Bg5 15. e3
Qa5 16. Qc2 Rfd8 17. Bc3 Qc7 18. g4 Bg6 19. Bxe4 Bxe4 20. Qxe4 Be7 21. f4 Qd7
22. Rac1 Bc5 23. Kf2 Qe7 24. Kg3 Rd7 25. f5 exf5 26. Rxf5 Rad8 27. Rf3 Qe6 28.
Rcf1 Rd3 29. Ba1 R8d7 30. h4 Rd2 31. Qf5 Qxf5 32. Rxf5 Rxa2 33. Bd4 Bxd4 34.
exd4 Rxd4 35. Rxf7 Rd3+ 36. R1f3 Rxf3+ 37. Rxf3 a5 38. Rd3 a4 39. bxa4 Rxa4 40.
e6 Kf8 41. Rd7 Rxc4 42. Rf7+ Kg8 43. Rxb7 Re4 44. Re7 Kf8 45. Rf7+ Kg8 46. Re7
Kf8 47. Rf7+ Kg8 1/2-1/2

[Event "European Blitz 2022"]
[Site "Katowice POL"]
[Date "2022.12.16"]
[Round "10.71"]
[White "Klenburg, Michael"]
[Black "Stevanic, David"]
[Result "1/2-1/2"]
[WhiteTitle "IM"]
[BlackTitle "FM"]
[WhiteElo "2347"]
[BlackElo "2249"]
[WhiteFideId "14102072"]
[BlackFideId "14613921"]
[EventDate "2022.12.16"]

1. g3 Nf6 2. Bg2 g6 3. c4 Bg7 4. Nc3 d6 5. d3 O-O 6. Bd2 e5 7. Qc1 c6 8. Bh6 Be6
9. h4 d5 10. Bxg7 Kxg7 11. cxd5 cxd5 12. Nf3 d4 13. Nb1 Nc6 14. O-O Rc8 15. Qd2
Bd5 16. Na3 Re8 17. Nc2 Qb6 18. b3 e4 19. dxe4 Nxe4 20. Qd3 Nc5 21. Qd2 Ne4 22.
Qd3 Nc5 23. Qd1 Rcd8 24. Nfxd4 Bxg2 25. Kxg2 Ne5 26. Qc1 Ne6 27. Nxe6+ Qxe6 28.
Ne3 Rc8 29. Qb2 Qc6+ 30. Kg1 Kg8 31. Rac1 Qe4 32. Rxc8 Rxc8 33. Rd1 h5 34. Qd4
Qxd4 35. Rxd4 Rc1+ 36. Kg2 Rc7 37. Nd5 Rc2 38. Re4 Nc6 39. Ne7+ Nxe7 40. Rxe7
Rxa2 41. Rxb7 a5 42. e3 Rb2 43. Rb5 Kg7 44. Kf3 Kf6 45. e4 Ke6 46. Ke3 Ke7 47.
f3 Ke6 48. Kf4 Kf6 49. e5+ Kg7 50. Ke4 Re2+ 51. Kf4 Rb2 52. Ke3 Ra2 53. Rb7 a4
54. bxa4 Rxa4 55. e6 Ra3+ 56. Kf2 Kf6 57. exf7 Kg7 58. Kg2 Ra1 59. g4 hxg4 60.
fxg4 Ra3 61. h5 gxh5 62. gxh5 Ra8 63. Kg3 Rf8 64. Kg4 Rxf7 65. h6+ Kg6 66. Rb6+
Kh7 67. Kg5 Ra7 1/2-1/2

[Event "European Blitz 2022"]
[Site "Katowice POL"]
[Date "2022.12.16"]
[Round "10.72"]
[White "Tymrakiewicz, Rafal"]
[Black "Paehtz, Elisabeth"]
[Result "1-0"]
[WhiteTitle "FM"]
[BlackTitle "GM"]
[WhiteElo "2138"]
[BlackElo "2464"]
[WhiteFideId "1108832"]
[BlackFideId "4641833"]
[EventDate "2022.12.16"]

1. d4 e6 2. Nf3 Nf6 3. Bg5 h6 4. Bh4 b6 5. e3 Bb7 6. Nbd2 d6 7. Bb5+ Nbd7 8. Qe2
g5 9. Bg3 a6 10. Ba4 b5 11. Bb3 Bg7 12. c3 Qe7 13. e4 Nb6 14. e5 Nh5 15. exd6
cxd6 16. Ne4 Nxg3 17. hxg3 Rc8 18. g4 Nd5 19. g3 Nf6 20. Nfd2 Nxe4 21. Nxe4 b4
22. O-O O-O 23. Rac1 bxc3 24. bxc3 Kh8 25. Rfe1 Qd7 26. Qd3 f5 27. Nd2 Qc6 28.
d5 exd5 29. f3 d4 30. Re7 dxc3 31. gxf5 Qb6+ 32. Kg2 cxd2 33. Rh1 d1=Q 34. Rxd1
Rc3 35. f6 Rxf6 36. Re8+ Rf8 37. Rxf8+ Bxf8 38. Qxc3+ Bg7 39. Qd3 Qa5 40. Bc2
Kg8 41. Qh7+ Kf8 42. Qf5+ Qxf5 43. Bxf5 Ke7 44. Re1+ Kd8 45. Rb1 Bc6 46. Be4 d5
47. Rd1 Kc7 48. Bxd5 Bb5 49. Bf7 Be5 50. Rc1+ Kb6 51. Re1 Bd6 52. Kh3 Bc6 53.
Kg4 Bd7+ 54. Be6 Bc6 55. f4 gxf4 56. gxf4 Bb4 57. Rb1 Kc5 58. Rc1+ Kd6 59. Bb3
a5 60. f5 a4 61. Rd1+ Ke5 62. Be6 Bb5 63. Kf3 Bc6+ 64. Ke2 Bb5+ 65. Kf3 Bc6+ 66.
Kg3 Kf6 67. Rd4 Bc3 68. Rc4 Be5+ 69. Kg4 Bb5 70. Rc2 Bd3 71. Rc6 Be2+ 72. Kh4
Kg7 73. Rc2 Bd3 74. Rg2+ Kh7 75. Kh5 Bf6 76. Bd5 Bg5 77. Rf2 Kg7 78. Be6 Kf6 79.
Rg2 Be4 80. Rg3 Bc2 81. Rg1 Bd3 82. Rg2 Bf1 83. Rf2 Bd3 84. Kg4 Bb1 85. Rf1 Bd3
86. Re1 Bd2 87. Rh1 Be2+ 88. Kg3 Bg5 89. Kf2 Bb5 90. Rb1 Bc6 91. Rb6 Be4 92.
Bc8+ Ke5 93. Re6+ Kxf5 94. Re8+ Kf4 95. Rf8+ Ke5 96. Re8+ Kd4 97. Bd7 a3 98. Be6
Be3+ 99. Kg3 Bg5 100. Bb3 Bd3 101. Kf3 Kc3 102. Rc8+ Kb2 103. Rb8 Bb1 104. Ba4+
Kxa2 105. Bb3+ Ka1 106. Ke2 a2 107. Kd1 Kb2 108. Bc2+ Ka1 109. Bb3 Bf5 110. Bd5
Bg4+ 111. Kc2 Bf5+ 112. Kd1 Bb1 113. Bf7 Bf4 114. Rb7 Be4 115. Rb4 Bf3+ 116. Kc2
Bg5 117. Ra4 Bc6 118. Rxa2# 1-0

[Event "European Blitz 2022"]
[Site "Katowice POL"]
[Date "2022.12.16"]
[Round "10.73"]
[White "Monroy, Charles"]
[Black "Pidluznij, Gleb"]
[Result "1-0"]
[WhiteTitle "IM"]
[WhiteElo "2395"]
[BlackElo "2159"]
[WhiteFideId "621641"]
[BlackFideId "12817082"]
[EventDate "2022.12.16"]

1. Nf3 Nf6 2. c4 g6 3. Nc3 Bg7 4. e4 d6 5. d4 O-O 6. h3 c5 7. d5 e6 8. Be3 exd5
9. cxd5 a6 10. a4 Re8 11. Nd2 Nbd7 12. Be2 Rb8 13. a5 b5 14. axb6 Qxb6 15. Nc4
Qc7 16. Qc2 Ne5 17. Nxe5 Rxe5 18. O-O Qb6 19. b4 Nd7 20. Rfb1 Qc7 21. b5 axb5
22. Nxb5 Qb6 23. Na7 Qc7 24. Nc6 Rxb1+ 25. Rxb1 Re8 26. Qa4 Ne5 27. Nxe5 Rxe5
28. Bf4 Bd7 29. Qc2 Re8 30. Bd3 Rb8 31. Rxb8+ Qxb8 32. h4 h5 33. Kh2 Qd8 34. g3
Qe7 35. Qb3 Be5 36. Qb8+ Kg7 37. Bg5 Bf6 38. Bf4 Be5 39. Bg5 Bf6 40. Be3 Bd4 41.
Bxd4+ cxd4 42. Qb4 Qf6 43. f4 Bg4 44. Kg2 Bd1 45. Kf2 Bg4 46. Be2 Bd7 47. Bf3
Bg4 48. Bxg4 hxg4 49. Ke2 Kg8 50. Kd3 Qd8 51. Kxd4 Qc7 52. e5 Qa7+ 53. Ke4 Qf2
54. exd6 Qf3+ 55. Ke5 Kg7 56. d7 Qe3+ 57. Kd6 1-0

[Event "European Blitz 2022"]
[Site "Katowice POL"]
[Date "2022.12.16"]
[Round "10.74"]
[White "Olenik Campa, Rudi"]
[Black "Haydon, David L"]
[Result "1/2-1/2"]
[WhiteTitle "CM"]
[BlackTitle "FM"]
[WhiteElo "2358"]
[BlackElo "2289"]
[WhiteFideId "14633264"]
[BlackFideId "415405"]
[EventDate "2022.12.16"]

1. e4 c6 2. d4 d5 3. Nc3 dxe4 4. Nxe4 Bf5 5. Ng3 Bg6 6. Nf3 Nd7 7. h4 h6 8. h5
Bh7 9. Bd3 Bxd3 10. Qxd3 Ngf6 11. Bd2 e6 12. O-O-O Bd6 13. Ne4 Nxe4 14. Qxe4 Nf6
15. Qe2 Qc7 16. Kb1 O-O-O 17. Ne5 c5 18. c3 Kb8 19. Rhe1 Bxe5 20. dxe5 Nd5 21.
c4 Ne7 22. Bc3 Nc6 23. Rd6 Ne7 24. g4 Nc8 25. Rdd1 Rxd1+ 26. Rxd1 Rd8 27. Rd3
Nb6 28. b3 Kc8 29. Qd2 Nd7 30. Kc2 b6 31. f3 Nb8 32. Rxd8+ Qxd8 33. Qxd8+ Kxd8
34. Kd3 Kd7 35. Ke4 Nc6 36. f4 Ke7 37. f5 Kf8 38. a3 Ke7 39. f6+ Kf8 40. b4 cxb4
41. axb4 a6 42. Kd3 Kg8 43. b5 Nb8 44. Bd4 axb5 45. cxb5 Nd7 46. Ke4 Kh7 47. Kf4
g6 48. Ke4 g5 49. Be3 Kg8 50. Bd4 Kf8 51. Ke3 Ke8 52. Kd3 Kd8 53. Ke4 Kc7 54.
Kd3 Nc5+ 55. Bxc5 bxc5 56. Kc3 Kb7 57. Kb3 Ka7 58. Kc3 1/2-1/2

[Event "European Blitz 2022"]
[Site "Katowice POL"]
[Date "2022.12.16"]
[Round "10.75"]
[White "Pavlidou, Ekaterini"]
[Black "Maier, Christian"]
[Result "1-0"]
[WhiteTitle "WIM"]
[BlackTitle "IM"]
[WhiteElo "2178"]
[BlackElo "2315"]
[WhiteFideId "4213262"]
[BlackFideId "4601955"]
[EventDate "2022.12.16"]

1. d4 Nf6 2. c4 g6 3. Nc3 Bg7 4. e4 d6 5. Bd3 O-O 6. Nge2 c5 7. d5 e6 8. h3 exd5
9. exd5 Na6 10. O-O Nc7 11. a4 b6 12. Bd2 Rb8 13. Qc2 Bd7 14. Bg5 a6 15. Ne4
Nce8 16. Qc1 Qc7 17. N2g3 Nxe4 18. Nxe4 f5 19. Nc3 Nf6 20. Bh6 Be8 21. Bxg7 Qxg7
22. Qf4 Qc7 23. Rae1 Nh5 24. Qg5 Qd8 25. Qh6 Qf6 26. Re6 Qd4 27. Qe3 Qxe3 28.
fxe3 Rd8 29. Ne2 Ng7 30. Re7 Rf7 31. Rxf7 Kxf7 32. e4 Bd7 33. exf5 gxf5 34. g4
Bxa4 35. Bxf5 Nxf5 36. Rxf5+ Kg7 37. Nf4 Rd7 38. Ne6+ Kg6 39. Nf8+ Kg7 40. Nxd7
Bxd7 41. Rf3 b5 42. Ra3 bxc4 43. Rxa6 1-0

[Event "European Blitz 2022"]
[Site "Katowice POL"]
[Date "2022.12.16"]
[Round "10.76"]
[White "Maltsevskaya, Aleksandra"]
[Black "Dzierzak, Radoslaw"]
[Result "1/2-1/2"]
[WhiteTitle "IM"]
[BlackTitle "FM"]
[WhiteElo "2400"]
[BlackElo "2211"]
[WhiteFideId "24174041"]
[BlackFideId "1161407"]
[EventDate "2022.12.16"]

1. e4 c6 2. d4 d5 3. e5 c5 4. Nf3 Bg4 5. Be2 Nc6 6. dxc5 e6 7. Bf4 Bxc5 8. O-O
Nge7 9. Nbd2 Ng6 10. Bg3 O-O 11. c3 f6 12. Nb3 Bb6 13. exf6 Qxf6 14. a4 a5 15.
Nfd4 Bxe2 16. Qxe2 e5 17. Nxc6 bxc6 18. Kh1 Nf4 19. Bxf4 Qxf4 20. g3 Qf3+ 21.
Qxf3 Rxf3 22. Rae1 e4 23. Re2 Raf8 24. Kg2 e3 25. Nc1 exf2 26. Re6 R3f6 27. Re2
Rf3 28. Re6 R8f6 29. Re7 Re3 30. Rb7 Bc5 31. Nb3 Bd6 32. Rxf2 Rxf2+ 33. Kxf2 Rd3
34. Ke2 1/2-1/2

[Event "European Blitz 2022"]
[Site "Katowice POL"]
[Date "2022.12.16"]
[Round "10.77"]
[White "Minald, Andrey"]
[Black "Madan, Augustin"]
[Result "1-0"]
[BlackTitle "IM"]
[WhiteElo "2091"]
[BlackElo "2292"]
[WhiteFideId "13506854"]
[BlackFideId "1210327"]
[EventDate "2022.12.16"]

1. c4 e5 2. Nc3 Nf6 3. g3 d5 4. cxd5 Nxd5 5. Bg2 Nb6 6. Nf3 Nc6 7. O-O Be7 8. b3
O-O 9. Bb2 f5 10. d3 Be6 11. Rc1 Kh8 12. Qd2 Bf6 13. Rfd1 a6 14. e4 Nd4 15. Nxd4
exd4 16. Ne2 Rb8 17. Qb4 Nd7 18. Bxd4 c5 19. Bxc5 Nxc5 20. Qxc5 Qe8 21. f4 Qh5
22. Qf2 Rfd8 23. e5 Be7 24. d4 Bd7 25. d5 Bb5 26. Nd4 Rbc8 27. Nxb5 axb5 28. d6
Bf8 29. Bxb7 Rb8 30. Bf3 Qf7 31. Kg2 Qd7 32. Bc6 Qe6 33. Qd4 Qf7 34. Bd5 Qg6 35.
Rc7 b4 36. Bf7 Qh6 37. Bc4 Qh5 38. Qd2 Qg6 39. Bd5 Qh5 40. Bf3 Qg6 41. Qd5 Qh6
42. Rdc1 Qg6 43. R1c2 Qh6 44. Qd4 Qg6 45. R7c4 Qf7 46. Rxb4 Rbc8 47. Rbc4 Rb8
48. a4 Qd7 49. a5 Qb5 50. Qc3 Qa6 51. b4 Qb5 52. Ra2 h6 53. Rc5 Qd7 54. b5 Rxb5
55. Rxb5 Qxb5 56. a6 Qb1 57. Qb2 Qd3 58. a7 1-0